Catholics that Catholics Should Recognize - Statistics

General Stats
  • This quiz has been taken 26 times
  • The average score is 6 of 16
Answer Stats
Picture Answer % Correct
Bl. Carlo Acutis
72%
Bishop Robert Barron
68%
Fr. Mike Schmitz
68%
Archbishop Fulton Sheen
60%
Mother Angelica
52%
Jonathan Roumie
44%
Fr. David Michael Moses
32%
Scott Hahn
32%
Fr. James Martin
28%
Jackie Angel
28%
Matt Fradd
28%
Trent Horn
28%
Jimmy Akin
16%
Crystalina Evert
12%
Christopher West
8%
Chris Stefanick
4%
No matching quizzes found
Score Distribution
Percent of People with Each Score
Percentile by Number Answered
Your Score History
You have not taken this quiz